[Event "Verbandsliga Nordbaden 2223"]
[Site "Germany"]
[Date "2022.12.04"]
[Round "4.8"]
[White "Volz, Daniel"]
[Black "Hahn, Cedric"]
[Result "1/2-1/2"]
[WhiteElo "1917"]
[BlackElo "1970"]
[PlyCount "106"]
[EventDate "2022.09.25"]
[EventType "team-tourn"]
[EventRounds "9"]
[EventCountry "GER"]
[SourceTitle "EXT 2024"]
[Source "ChessBase"]
[SourceDate "2023.10.10"]
[SourceVersion "1"]
[SourceVersionDate "2023.10.10"]
[SourceQuality "1"]
[WhiteTeam "Ettlingen II"]
[BlackTeam "Eppingen II"]
[WhiteTeamCountry "GER"]
[BlackTeamCountry "GER"]

1. e4 d6 2. d4 g6 3. Nf3 Bg7 4. Be2 Nf6 5. Nc3 0-0 6. 0-0 Nc6 7. d5 Nb8 8. h3 e5 9. dxe6 Bxe6 10. Nd4 Nc6 11. Nxe6 fxe6 12. Bc4 Qe7 13. Bg5 h6 14. Bh4 Ne5 15. Bb3 g5 16. Bg3 Nfd7 17. Qh5 Nf6 18. Qe2 Nfd7 19. a3 Kh7 20. Ba2 c6 21. Rad1 d5 22. exd5 exd5 23. Rfe1 Rae8 24. Kh1 Qf7 25. Nxd5 cxd5 26. Bxd5 Qf6 27. Bxb7 Kh8 28. Qh5 Qb6 29. Rxd7 Nxd7 30. Rxe8 Qxb7 31. Re7 Qc6 32. Qe2 Bxb2 33. Re6 Qd5 34. Rxh6+ Kg8 35. Rd6 Qf5 36. Qe7 Rf7 37. Qe8+ Kg7 38. Rc6 Bxa3 39. Qe3 Bc5 40. Qc3+ Kh7 41. Rc8 Rf8 42. Rc7 Bb6 43. Rc6 Nc5 44. f3 Qd5 45. Rd6 Qf5 46. Rd1 Re8 47. Qc4 Qe6 48. Qc3 Re7 49. Qb4 Qf5 50. Qc4 Qe6 51. Qb4 Qf5 52. Qc4 Qe6 53. Qb4 Qf5 1/2-1/2

[Event "Verbandsliga Nordbaden 1819"]
[Site "Baden"]
[Date "2019.02.17"]
[Round "6.8"]
[White "Hahn, Cedric"]
[Black "Linder, Oliver"]
[Result "1/2-1/2"]
[WhiteElo "1970"]
[BlackElo "1959"]
[PlyCount "59"]
[EventDate "2018.10.14"]
[EventType "team-tourn"]
[EventRounds "9"]
[EventCountry "GER"]
[SourceTitle "EXT 2020"]
[Source "ChessBase"]
[SourceDate "2019.10.17"]
[SourceVersion "1"]
[SourceVersionDate "2019.10.17"]
[SourceQuality "1"]
[WhiteTeam "Eppingen II"]
[BlackTeam "Pforzheim"]
[WhiteTeamCountry "GER"]
[BlackTeamCountry "GER"]

1. d4 e6 2. c4 Bb4+ 3. Bd2 Qe7 4. a3 Bxd2+ 5. Qxd2 Nf6 6. Nc3 d6 7. g3 a5 8. Bg2 0-0 9. Nf3 Nbd7 10. 0-0 c6 11. Rfd1 Re8 12. e4 e5 13. d5 Nc5 14. Qc2 cxd5 15. Nxd5 Nxd5 16. cxd5 a4 17. Nd2 Bd7 18. Rac1 Rec8 19. Qb1 Qd8 20. Rc3 b5 21. Rdc1 Qb6 22. Bf1 Rcb8 23. b4 axb3 24. Nxb3 Rc8 25. Nxc5 Rxc5 26. Qb2 Rac8 27. Be2 Rxc3 28. Rxc3 Rc5 29. Rxc5 Qxc5 30. Qb4 1/2-1/2

[Event "Verbandsliga Nordbaden 1718"]
[Site "Baden"]
[Date "2018.01.28"]
[Round "5.6"]
[White "Reichstein, Hans Joerg"]
[Black "Hahn, Cedric"]
[Result "1/2-1/2"]
[WhiteElo "2046"]
[BlackElo "1970"]
[PlyCount "78"]
[EventDate "2017.10.08"]
[EventType "team-tourn"]
[EventRounds "9"]
[EventCountry "GER"]
[SourceTitle "EXT 2019"]
[Source "ChessBase"]
[SourceDate "2018.10.10"]
[SourceVersion "1"]
[SourceVersionDate "2018.10.10"]
[SourceQuality "1"]
[WhiteTeam "Heidelberg"]
[BlackTeam "Eppingen II"]
[WhiteTeamCountry "GER"]
[BlackTeamCountry "GER"]

1. e4 e6 2. d4 d5 3. Nd2 dxe4 4. Nxe4 Nd7 5. g3 Ngf6 6. Nd2 c5 7. Ngf3 b6 8. Bg2 Bb7 9. 0-0 cxd4 10. Nxd4 Bxg2 11. Kxg2 Bc5 12. N2b3 0-0 13. Re1 Qc7 14. Qf3 Rac8 15. Nxc5 Qxc5 16. c3 Qd5 17. Bf4 a6 18. Nb3 Qxf3+ 19. Kxf3 Nd5 20. Bd6 Rfd8 21. Rad1 Nb8 22. Bxb8 Rxb8 23. Nd4 Rdc8 24. Rd2 h6 25. Red1 b5 26. Nc2 b4 27. cxb4 Nxb4 28. Nxb4 Rxb4 29. Rd8+ Rxd8 30. Rxd8+ Kh7 31. b3 a5 32. Ra8 Rb5 33. Ke3 Rd5 34. Ra7 Kg6 35. Rb7 Kf6 36. Ke2 h5 37. a4 g5 38. h3 Re5+ 39. Kf1 Rd5 1/2-1/2

[Event "Verbandsliga Nordbaden 1617"]
[Site "Baden"]
[Date "2016.11.20"]
[Round "3.6"]
[White "Schmidt, Stefan"]
[Black "Hahn, Cedric"]
[Result "1-0"]
[WhiteElo "2125"]
[BlackElo "1971"]
[PlyCount "63"]
[EventDate "2016.10.09"]
[EventType "team-tourn"]
[EventRounds "9"]
[EventCountry "GER"]
[SourceTitle "EXT 2022"]
[Source "ChessBase"]
[SourceDate "2021.10.06"]
[SourceVersion "1"]
[SourceVersionDate "2021.10.06"]
[SourceQuality "1"]
[WhiteTeam "Viernheim II"]
[BlackTeam "Eppingen II"]
[WhiteTeamCountry "GER"]
[BlackTeamCountry "GER"]

1. e4 d6 2. d4 g6 3. Nc3 Bg7 4. Bc4 Nf6 5. Qe2 e5 6. dxe5 dxe5 7. Bg5 0-0 8. Rd1 Nbd7 9. Nf3 Re8 10. h4 h6 11. h5 gxh5 12. Bxf6 Qxf6 13. Nd5 Qd6 14. Nf4 Qb6 15. Nxh5 Nf6 16. Nxf6+ Qxf6 17. Nh4 Qg5 18. Kf1 Be6 19. Bxe6 Rxe6 20. Nf5 Rd8 21. Rh3 Rg6 22. Rg3 Qf6 23. Rgd3 Rxd3 24. Rxd3 Bf8 25. Rd7 Qg5 26. g3 Qc1+ 27. Kg2 Qxb2 28. Qc4 Re6 29. Qxc7 Qxa2 30. Rxf7 Rg6 31. Rd7 Rc6 32. Qxe5 1-0

[Event "Verbandsliga Nordbaden 1617"]
[Site "Baden"]
[Date "2016.10.23"]
[Round "2.6"]
[White "Hahn, Cedric"]
[Black "Joeres, Stefan"]
[Result "1-0"]
[WhiteElo "1971"]
[BlackElo "1918"]
[PlyCount "27"]
[EventDate "2016.10.09"]
[EventType "team-tourn"]
[EventRounds "9"]
[EventCountry "GER"]
[SourceTitle "EXT 2022"]
[Source "ChessBase"]
[SourceDate "2021.10.06"]
[SourceVersion "1"]
[SourceVersionDate "2021.10.06"]
[SourceQuality "1"]
[WhiteTeam "Eppingen II"]
[BlackTeam "Karlsruhe II"]
[WhiteTeamCountry "GER"]
[BlackTeamCountry "GER"]

1. d4 d5 2. c4 e6 3. Nf3 Nf6 4. Nc3 Be7 5. Bf4 0-0 6. e3 b6 7. Bd3 Bb7 8. 0-0 Nh5 9. Be5 f5 10. Nb5 Bd6 11. cxd5 Bxe5 12. Nxe5 Qxd5 13. e4 fxe4 14. Bc4 1-0

[Event "GER-chT U20"]
[Site "Osnabrueck"]
[Date "2015.12.30"]
[Round "7.4"]
[White "Groetzbach, Julian"]
[Black "Hahn, Cedric"]
[Result "1/2-1/2"]
[WhiteElo "2193"]
[BlackElo "1817"]
[PlyCount "91"]
[EventDate "2015.12.27"]
[EventType "team-swiss"]
[EventRounds "7"]
[EventCountry "GER"]
[SourceTitle "EXT 2017"]
[Source "ChessBase"]
[SourceDate "2016.10.25"]
[SourceVersion "1"]
[SourceVersionDate "2016.10.25"]
[SourceQuality "1"]
[WhiteTeam "Hamburger SK"]
[BlackTeam "Eppingen"]
[WhiteTeamCountry "GER"]
[BlackTeamCountry "GER"]

1. Nf3 Nf6 2. c4 g6 3. Nc3 Bg7 4. g3 b6 5. Bg2 Bb7 6. 0-0 0-0 7. Re1 d5 8. cxd5 Nxd5 9. e4 Nxc3 10. bxc3 c5 11. d4 e6 12. h4 Nc6 13. e5 cxd4 14. cxd4 Rc8 15. Bg5 Qd5 16. Qd2 Rc7 17. Rad1 Rfc8 18. Nh2 Qa5 19. Qf4 Nb4 20. Bxb7 Rxb7 21. Ng4 Nd5 22. Qf3 Rbc7 23. h5 Rc3 24. Qh1 Qxa2 25. hxg6 hxg6 26. Bf6 Qa3 27. Kg2 Bxf6 28. exf6 Rf3 29. Nh6+ Kf8 30. Nf5 Ke8 31. Nd6+ Kd7 32. Nxc8 Rxf6 33. Kg1 Kxc8 34. Qe4 Qd6 35. Rc1+ Kb7 36. Qc2 Qd7 37. Ra1 Rf3 38. Qe2 Rc3 39. Qa6+ Kb8 40. Rec1 Rxc1+ 41. Rxc1 Nb4 42. Qc4 a5 43. Rc3 Kb7 44. Rf3 Nd5 45. Kf1 f6 46. Qd3 1/2-1/2

[Event "Verbandsliga Nordbaden 1415"]
[Site "Baden"]
[Date "2014.10.12"]
[Round "1.5"]
[White "Hahn, Cedric"]
[Black "Mueller, Dieter3"]
[Result "0-1"]
[WhiteElo "1959"]
[BlackElo "2087"]
[PlyCount "66"]
[EventDate "2014.10.12"]
[EventType "team-tourn"]
[EventRounds "9"]
[EventCountry "GER"]
[SourceTitle "EXT 2022"]
[Source "ChessBase"]
[SourceDate "2021.10.06"]
[SourceVersion "1"]
[SourceVersionDate "2021.10.06"]
[SourceQuality "1"]
[WhiteTeam "Eppingen III"]
[BlackTeam "Pforzheim"]
[WhiteTeamCountry "GER"]
[BlackTeamCountry "GER"]

1. d4 Nf6 2. c4 e6 3. Nc3 Bb4 4. Bg5 h6 5. Bxf6 Bxc3+ 6. bxc3 Qxf6 7. Nf3 0-0 8. g3 c5 9. Bg2 Nc6 10. 0-0 d6 11. e3 e5 12. h3 Rb8 13. Kh2 Bf5 14. Nh4 Bh7 15. Qf3 Qxf3 16. Nxf3 Bd3 17. Rfd1 Bxc4 18. Nd2 Be2 19. Re1 Bd3 20. d5 Na5 21. Ne4 Bxe4 22. Bxe4 b5 23. Rab1 Rb6 24. a4 b4 25. cxb4 Rxb4 26. Rxb4 cxb4 27. Rb1 b3 28. Bf3 Rb8 29. Be2 Rb4 30. Bd1 b2 31. Be2 Nb7 32. Kg2 Nc5 33. Bb5 Ne4 0-1

[Event "Baden-ch U16"]
[Site "Karlsruhe Durlach"]
[Date "2012.01.04"]
[Round "6"]
[White "Firat, Kaan"]
[Black "Hahn, Cedric"]
[Result "1-0"]
[WhiteElo "1283"]
[BlackElo "1671"]
[PlyCount "71"]
[EventDate "2012.01.02"]
[EventType "swiss"]
[EventRounds "7"]
[EventCountry "GER"]
[SourceTitle "EXT 2015"]
[Source "ChessBase"]
[SourceDate "2014.11.20"]
[SourceVersion "1"]
[SourceVersionDate "2014.11.20"]
[SourceQuality "1"]

1. e4 e6 2. d4 d5 3. Nc3 Nf6 4. exd5 exd5 5. Bd3 c6 6. Nge2 Bd6 7. Bf4 0-0 8. Qd2 Re8 9. Bxd6 Qxd6 10. 0-0 Bg4 11. Ng3 Nbd7 12. h3 Bh5 13. Rfe1 Bg6 14. Nf5 Bxf5 15. Bxf5 Rxe1+ 16. Rxe1 Re8 17. Bxd7 Qxd7 18. Rxe8+ Nxe8 19. Ne2 g6 20. Ng3 Qe7 21. Qe3 Qxe3 22. fxe3 Nd6 23. b3 f5 24. a4 Kf7 25. Kf2 Ne4+ 26. Nxe4 fxe4 27. Kg3 a5 28. Kf4 Kf6 29. h4 b5 30. g4 g5+ 31. hxg5+ Kg6 32. c3 bxa4 33. bxa4 Kg7 34. Kf5 Kf7 35. g6+ hxg6+ 36. Ke5 1-0

[Event "Baden-ch U16"]
[Site "Karlsruhe Durlach"]
[Date "2012.01.03"]
[Round "3"]
[White "Hahn, Cedric"]
[Black "Dieterle, Patrick"]
[Result "1-0"]
[WhiteElo "1671"]
[BlackElo "1381"]
[PlyCount "123"]
[EventDate "2012.01.02"]
[EventType "swiss"]
[EventRounds "7"]
[EventCountry "GER"]
[SourceTitle "EXT 2015"]
[Source "ChessBase"]
[SourceDate "2014.11.20"]
[SourceVersion "1"]
[SourceVersionDate "2014.11.20"]
[SourceQuality "1"]

1. d4 Nf6 2. Nf3 d5 3. c4 e6 4. Nc3 Be7 5. e3 0-0 6. Bd3 b6 7. cxd5 exd5 8. 0-0 Bb7 9. Qc2 Nbd7 10. Bd2 c5 11. Ne5 h6 12. Nxd7 Qxd7 13. Bf5 Qc7 14. dxc5 Bxc5 15. Rac1 Bd6 16. g3 Bc8 17. Qd3 Qb7 18. Bxc8 Raxc8 19. Rfd1 Rfd8 20. a3 Be7 21. Ne2 Rxc1 22. Rxc1 Ne4 23. Bc3 Bf6 24. Bxf6 Nxf6 25. Qc2 Qd7 26. Nd4 Kh8 27. Qc7 Ra8 28. Qxd7 Nxd7 29. Rc7 Ne5 30. b3 Kg8 31. Kg2 a6 32. Nc6 Ng4 33. Ne7+ Kf8 34. Nxd5 b5 35. Ne7 Ne5 36. Nd5 Ng4 37. e4 Ne5 38. f4 Ng6 39. Kf3 h5 40. Nb6 Rd8 41. Rd7 Ke8 42. Rxd8+ Kxd8 43. Nd5 Kd7 44. Ke3 f6 45. Kd4 Kd6 46. Ne3 Ne7 47. Nf5+ Nxf5+ 48. exf5 h4 49. g4 Kc6 50. h3 a5 51. a4 bxa4 52. bxa4 Kd6 53. g5 Kc6 54. Kc4 Kd6 55. Kb5 Kd5 56. Kxa5 Kc5 57. Ka6 Kc6 58. a5 Kc7 59. Kb5 Kd7 60. Kc5 Kc7 61. Kd5 Kd7 62. a6 1-0

[Event "GER-chT U14"]
[Site "Magdeburg"]
[Date "2010.12.30"]
[Round "7.2"]
[White "Hahn, Cedric"]
[Black "Linnemann, Niklas"]
[Result "0-1"]
[WhiteElo "1579"]
[BlackElo "1773"]
[PlyCount "52"]
[EventDate "2010.12.27"]
[EventType "team-swiss"]
[EventRounds "7"]
[EventCountry "GER"]
[SourceTitle "CBM 140 Extra"]
[Source "ChessBase"]
[SourceDate "2011.03.01"]
[SourceVersion "1"]
[SourceVersionDate "2011.03.01"]
[SourceQuality "1"]
[WhiteTeam "Eppingen"]
[BlackTeam "Coswig"]
[WhiteTeamCountry "GER"]
[BlackTeamCountry "GER"]

1. e4 c5 2. Nf3 e6 3. d4 cxd4 4. Nxd4 a6 5. Be3 Nc6 6. Nc3 Qc7 7. a3 Nf6 8. Be2 Be7 9. Qd2 0-0 10. 0-0-0 b5 11. Nxc6 dxc6 12. Bf3 Bb7 13. Qe2 c5 14. Bd2 b4 15. Nb1 a5 16. g3 c4 17. axb4 axb4 18. c3 b3 19. Rhe1 Ra1 20. e5 Qa5 21. Bh6 Ra8 22. Qxc4 Rxb1+ 23. Kd2 Rd8+ 24. Ke3 Qxe5+ 25. Be4 Rbxd1 26. Rxd1 Rxd1 0-1

[Event "GER-chT U14"]
[Site "Arendsee"]
[Date "2009.12.30"]
[Round "7.2"]
[White "Gomer, Dieter"]
[Black "Hahn, Cedric"]
[Result "0-1"]
[WhiteElo "1249"]
[BlackElo "1387"]
[PlyCount "94"]
[EventDate "2009.12.27"]
[EventType "team-swiss"]
[EventRounds "7"]
[EventCountry "GER"]
[SourceTitle "EXT 2022"]
[Source "ChessBase"]
[SourceDate "2021.10.06"]
[SourceVersion "1"]
[SourceVersionDate "2021.10.06"]
[SourceQuality "1"]
[WhiteTeam "Balingen U14"]
[BlackTeam "Eppingen U14"]
[WhiteTeamCountry "GER"]
[BlackTeamCountry "GER"]

1. d4 e6 2. c4 d5 3. Nc3 Nf6 4. Nf3 c6 5. Bf4 Bd6 6. Bxd6 Qxd6 7. e3 0-0 8. Bd3 Nbd7 9. 0-0 a6 10. e4 dxe4 11. Bxe4 Nxe4 12. Nxe4 Qe7 13. Re1 Nf6 14. Ng3 b5 15. cxb5 cxb5 16. Qd2 Bb7 17. Nf5 Qd8 18. Qg5 exf5 19. Nh4 Ne4 20. Qxd8 Raxd8 21. Rad1 g6 22. f3 Nd6 23. f4 Rfe8 24. g3 Rxe1+ 25. Rxe1 Nc4 26. b3 Nd2 27. Re7 Be4 28. Ra7 Rxd4 29. Rxa6 Nb1 30. Rb6 Nc3 31. Ra6 Rd2 32. a4 bxa4 33. bxa4 Ra2 34. a5 Na4 35. Ra7 Nc5 36. h3 Kg7 37. g4 fxg4 38. hxg4 Nb3 39. a6 Nc5 40. Re7 Rxa6 41. Re5 Rc6 42. f5 Bc2 43. g5 gxf5 44. Nxf5+ Bxf5 45. Rxf5 Ne4 46. Re5 Re6 47. Rb5 Kg6 0-1

[Event "GER-chT U14"]
[Site "Arendsee"]
[Date "2009.12.27"]
[Round "1.2"]
[White "Holle, Cedric"]
[Black "Hahn, Cedric"]
[Result "1-0"]
[WhiteElo "1732"]
[BlackElo "1387"]
[PlyCount "115"]
[EventDate "2009.12.27"]
[EventType "team-swiss"]
[EventRounds "7"]
[EventCountry "GER"]
[SourceTitle "EXT 2022"]
[Source "ChessBase"]
[SourceDate "2021.10.06"]
[SourceVersion "1"]
[SourceVersionDate "2021.10.06"]
[SourceQuality "1"]
[WhiteTeam "Heusweiler SC Reti U14"]
[BlackTeam "Eppingen U14"]
[WhiteTeamCountry "GER"]
[BlackTeamCountry "GER"]

1. e4 e6 2. d4 d5 3. e5 c5 4. c3 Nc6 5. Nf3 Qb6 6. Be2 f6 7. 0-0 Bd7 8. dxc5 Bxc5 9. b4 Be7 10. Bf4 fxe5 11. Nxe5 Nxe5 12. Bxe5 Bf6 13. Bd3 Kf7 14. Qf3 Ke7 15. Re1 Bxe5 16. Rxe5 Nf6 17. Nd2 Rac8 18. Bf5 Qd6 19. Rae1 Kf7 20. Bxe6+ Bxe6 21. Rxe6 Qxe6 22. Rxe6 Kxe6 23. Qe3+ Kf5 24. Nf3 Ne4 25. Nd4+ Kg6 26. Ne2 Rhd8 27. f3 Nf6 28. Kf2 a6 29. g4 h6 30. Nf4+ Kh7 31. Qd3+ Kg8 32. h4 b5 33. g5 hxg5 34. hxg5 Rc4 35. Ne6 Rd6 36. gxf6 Rxe6 37. Qxd5 Rcc6 38. f4 Kf8 39. f7 Rcd6 40. Qb7 Rd2+ 41. Kf3 Rd3+ 42. Kg4 Rxc3 43. Qd7 Rcc6 44. f5 Rc4+ 45. Kg5 Ree4 46. Qd1 Kxf7 47. a3 Rcd4 48. Qf3 Rc4 49. Qg3 Re7 50. Qd3 Ree4 51. Qd5+ Kf8 52. Qd6+ Kg8 53. Qg3 Kf7 54. Qh3 Rg4+ 55. Qxg4 Rxg4+ 56. Kxg4 Kf6 57. Kf4 Kf7 58. Kg5 1-0